[Event "NOR-ch playoff rap"]
[Site "Oslo"]
[Date "2005.11.09"]
[Round "2"]
[White "Agdestein, Simen"]
[Black "Carlsen, Magnus"]
[Result "1-0"]
[WhiteElo "2582"]
[BlackElo "2570"]
[PlyCount "137"]
[EventDate "2005.11.09"]
[EventType "match (rapid)"]
[EventRounds "6"]
[EventCountry "NOR"]
[WhiteTeam "Germany"]
[BlackTeam "Germany"]
[WhiteTeamCountry "GER"]
[BlackTeamCountry "GER"]

1. d4 Nf6 2. c4 e6 3. Nf3 b6 4. g3 Ba6 5. Nbd2 Bb4 6. Qc2 Bb7 7. Bg2 Be4 8. Qb3
Bxd2+ 9. Bxd2 O-O 10. O-O d6 11. Rfd1 Nbd7 12. Rac1 Re8 13. Bf1 Qe7 14. Qe3 a5
15. b3 h6 16. Bc3 c6 17. Nh4 d5 18. f3 Bh7 19. Qf2 b5 20. e3 Reb8 21. Qd2 b4
22. Bb2 a4 23. Ng2 Qd8 24. Nf4 a3 25. Ba1 Ne8 26. Bd3 Bxd3 27. Nxd3 Qb6 28. g4
Ra7 29. Rc2 Nc7 30. Rdc1 Na6 31. h4 Qd8 32. Qh2 Nf8 33. Ne5 Rc7 34. cxd5 Qxd5
35. e4 Qb5 36. Nxc6 Rb6 37. Ne5 Rxc2 38. Qxc2 f6 39. Nc4 Rc6 40. Qd2 Ng6 41. h5
Ne7 42. f4 Nc7 43. f5 Ne8 44. fxe6 Rxe6 45. Qf4 Qg5 46. Rf1 f5 47. e5 Qxf4 48.
Rxf4 fxg4 49. Rxg4 Nd5 50. Kf2 Kf7 51. Kf3 g6 52. Rh4 gxh5 53. Ke4 Nef6+ 54.
Kd3 Ne8 55. Ne3 Nxe3 56. Kxe3 Nc7 57. Ke4 Rg6 58. d5 Rg4+ 59. Rxg4 hxg4 60. e6+
Ke7 61. Bd4 g3 62. Ke5 Ne8 63. d6+ Nxd6 64. Bc5 g2 65. Bxd6+ Ke8 66. Bc5 h5 67.
Kf6 h4 68. Bg1 h3 69. e7 1-0

[Event "Samba Cup 2nd"]
[Site "Skanderborg"]
[Date "2005.10.23"]
[Round "9"]
[White "Carlsen, Magnus"]
[Black "Hansen, Curt"]
[Result "1/2-1/2"]
[WhiteElo "2570"]
[BlackElo "2607"]
[PlyCount "91"]
[EventDate "2005.10.14"]
[EventType "tourn"]
[EventRounds "9"]
[EventCountry "DEN"]
[EventCategory "16"]
[WhiteTeam "Germany"]
[BlackTeam "Germany"]
[WhiteTeamCountry "GER"]
[BlackTeamCountry "GER"]

1. d4 Nf6 2. c4 e6 3. Nf3 d5 4. Nc3 Be7 5. Bg5 O-O 6. e3 Nbd7 7. Qc2 h6 8. Bh4
c5 9. Rd1 Qa5 10. cxd5 Nxd5 11. Bxe7 Nxe7 12. Be2 Nd5 13. O-O Nxc3 14. bxc3 b6
15. Nd2 Ba6 16. Nc4 Bxc4 17. Bxc4 b5 18. Be2 Rfc8 19. d5 exd5 20. Rxd5 Nb6 21.
Rf5 Rc7 22. Rd1 Na4 23. Bf3 Re8 24. Re5 Rf8 25. Rc1 a6 26. h4 Rd7 27. h5 Qd8
28. c4 Rd2 29. Qf5 Qf6 30. cxb5 axb5 31. Qe4 b4 32. Re8 Qd6 33. Rxf8+ Qxf8 34.
a3 Nc3 35. Qc4 Rb2 36. axb4 cxb4 37. Ra1 Rb1+ 38. Rxb1 Nxb1 39. Bd1 Qb8 40. Qd3
Nc3 41. Bb3 Qc7 42. f3 Qe7 43. Kf1 Qh4 44. Qd7 Qh1+ 45. Kf2 Qh4+ 46. Kf1
1/2-1/2

[Event "Samba Cup 2nd"]
[Site "Skanderborg"]
[Date "2005.10.22"]
[Round "8"]
[White "Nisipeanu, Liviu Dieter"]
[Black "Carlsen, Magnus"]
[Result "1/2-1/2"]
[WhiteElo "2707"]
[BlackElo "2570"]
[PlyCount "59"]
[EventDate "2005.10.14"]
[EventType "tourn"]
[EventRounds "9"]
[EventCountry "DEN"]
[EventCategory "16"]
[WhiteTeam "Germany"]
[BlackTeam "Germany"]
[WhiteTeamCountry "GER"]
[BlackTeamCountry "GER"]

1. e4 c5 2. Nf3 e6 3. d4 cxd4 4. Nxd4 Nf6 5. Nc3 Nc6 6. Ndb5 d6 7. Bf4 e5 8.
Bg5 a6 9. Na3 b5 10. Nd5 Be7 11. Bxf6 Bxf6 12. c3 Bg5 13. Nc2 O-O 14. a4 bxa4
15. Rxa4 a5 16. Bc4 Rb8 17. b3 g6 18. O-O Kh8 19. b4 Bd7 20. b5 Na7 21. Qa1 Qc8
22. Bd3 Nxb5 23. Rxa5 Nc7 24. Nxc7 Qxc7 25. Nb4 Qd8 26. Bc4 Ra8 27. Ra7 Qc8 28.
Rxa8 Qxa8 29. Qd1 Qb8 30. Qd3 1/2-1/2

[Event "Samba Cup 2nd"]
[Site "Skanderborg"]
[Date "2005.10.21"]
[Round "7"]
[White "Bruzon Bautista, Lazaro"]
[Black "Carlsen, Magnus"]
[Result "1-0"]
[WhiteElo "2677"]
[BlackElo "2570"]
[PlyCount "59"]
[EventDate "2005.10.14"]
[EventType "tourn"]
[EventRounds "9"]
[EventCountry "DEN"]
[EventCategory "16"]
[WhiteTeam "Germany"]
[BlackTeam "Germany"]
[WhiteTeamCountry "GER"]
[BlackTeamCountry "GER"]

1. e4 c5 2. Nf3 e6 3. d3 Nc6 4. g3 g6 5. Bg2 Bg7 6. O-O Nge7 7. c3 O-O 8. d4
cxd4 9. cxd4 d5 10. e5 f6 11. Re1 fxe5 12. dxe5 Rf5 13. Bf4 Qf8 14. Qd2 g5 15.
Nxg5 Ng6 16. Nc3 Nxf4 17. gxf4 Rxf4 18. Nxd5 exd5 19. Qxd5+ Kh8 20. e6 Qe7 21.
Rad1 Nd4 22. Kh1 Rb8 23. Re5 Nc6 24. Rf5 Bxe6 25. Nxe6 Rxf5 26. Qxf5 Bxb2 27.
Be4 Rg8 28. Rd3 Ne5 29. Rb3 Qh4 30. Rh3 1-0

[Event "Samba Cup 2nd"]
[Site "Skanderborg"]
[Date "2005.10.18"]
[Round "5"]
[White "Jobava, Baadur"]
[Black "Carlsen, Magnus"]
[Result "0-1"]
[WhiteElo "2601"]
[BlackElo "2570"]
[PlyCount "80"]
[EventDate "2005.10.14"]
[EventType "tourn"]
[EventRounds "9"]
[EventCountry "DEN"]
[EventCategory "16"]
[WhiteTeam "Germany"]
[BlackTeam "Germany"]
[WhiteTeamCountry "GER"]
[BlackTeamCountry "GER"]

1. c4 Nf6 2. d4 e6 3. Nf3 b6 4. Bg5 h6 5. Bh4 Be7 6. Nc3 c5 7. e4 cxd4 8. Nxd4
d6 9. Ndb5 a6 10. e5 dxe5 11. Bxf6 Bxf6 12. Qf3 axb5 13. Qxa8 b4 14. Ne4 Bd7
15. Nxf6+ gxf6 16. c5 bxc5 17. Qa7 Nc6 18. Qxc5 Nd4 19. O-O-O Qe7 20. Qxe7+
Kxe7 21. Kb1 Bc6 22. f3 Rg8 23. Rc1 f5 24. Rc4 Rb8 25. b3 f4 26. Kb2 f5 27. h4
Kd6 28. h5 Bd5 29. Rc1 e4 30. fxe4 fxe4 31. Rh4 Ke5 32. Rg4 e3 33. Rg6 Be4 34.
Rxh6 Rg8 35. Rc5+ Kd6 36. Rc4 Kd5 37. Kc1 e2 38. Rxd4+ Kxd4 39. Bxe2 Rxg2 40.
Bd1 Rxa2 0-1

[Event "Samba Cup 2nd"]
[Site "Skanderborg"]
[Date "2005.10.16"]
[Round "3"]
[White "Miton, Kamil"]
[Black "Carlsen, Magnus"]
[Result "1-0"]
[WhiteElo "2636"]
[BlackElo "2570"]
[PlyCount "113"]
[EventDate "2005.10.14"]
[EventType "tourn"]
[EventRounds "9"]
[EventCountry "DEN"]
[EventCategory "16"]
[WhiteTeam "Germany"]
[BlackTeam "Germany"]
[WhiteTeamCountry "GER"]
[BlackTeamCountry "GER"]

1. d4 Nf6 2. c4 g6 3. Nc3 d5 4. Qb3 dxc4 5. Qxc4 Bg7 6. e4 O-O 7. Be2 c6 8. Nf3
b5 9. Qb3 Qa5 10. Bd2 Be6 11. Qc2 b4 12. Nb1 Qb6 13. O-O Nbd7 14. Be3 Bxa2 15.
Nfd2 Bxb1 16. Rfxb1 a5 17. d5 c5 18. Nc4 Qc7 19. f4 Rfe8 20. Bf3 e5 21. dxe6
fxe6 22. Rd1 e5 23. Nd6 c4 24. Be2 Re7 25. Qxc4+ Qxc4 26. Bxc4+ Kf8 27. f5 Ng4
28. Bg5 Ndf6 29. h3 Bh6 30. Bxh6+ Nxh6 31. g4 g5 32. Bd5 Nxd5 33. Rxd5 a4 34.
Nc4 Nf7 35. Rb5 Rd7 36. Nb6 Rb7 37. Nxa8 Rxb5 38. Rxa4 Rb7 39. Ra6 b3 40. Kf2
Rd7 41. Ke3 Rd1 42. Nb6 Re1+ 43. Kd3 Rd1+ 44. Kc3 Nd6 45. Nd7+ Ke7 46. Nxe5
Nxe4+ 47. Kxb3 Nc5+ 48. Kc2 Nxa6 49. Kxd1 Kf6 50. Nd3 h5 51. Kd2 Nc7 52. Ke3
hxg4 53. hxg4 Nb5 54. b4 Nd6 55. Kd4 Ke7 56. Kd5 Ne8 57. Kc6 1-0

[Event "Samba Cup 2nd"]
[Site "Skanderborg"]
[Date "2005.10.15"]
[Round "2"]
[White "Carlsen, Magnus"]
[Black "Hansen, Lars Bo"]
[Result "1/2-1/2"]
[WhiteElo "2570"]
[BlackElo "2565"]
[PlyCount "163"]
[EventDate "2005.10.14"]
[EventType "tourn"]
[EventRounds "9"]
[EventCountry "DEN"]
[EventCategory "16"]
[WhiteTeam "Germany"]
[BlackTeam "Germany"]
[WhiteTeamCountry "GER"]
[BlackTeamCountry "GER"]

1. e4 c6 2. d4 d5 3. Nd2 dxe4 4. Nxe4 Bf5 5. Ng3 Bg6 6. h4 h6 7. Nf3 Nd7 8. h5
Bh7 9. Bd3 Bxd3 10. Qxd3 e6 11. Bf4 Qa5+ 12. Bd2 Bb4 13. c3 Be7 14. c4 Qc7 15.
O-O Ngf6 16. Rfe1 O-O 17. Nf5 Bd6 18. Nxd6 Qxd6 19. Qb3 c5 20. Rad1 cxd4 21.
Bb4 Nc5 22. Ne5 b6 23. Qf3 Nfd7 24. Nxd7 Qxd7 25. Bc3 e5 26. Rxe5 dxc3 27. Rxd7
Nxd7 28. Re2 cxb2 29. Rxb2 Nf6 30. Rd2 Rac8 31. Rd4 Rc5 32. g4 b5 33. cxb5 Rxb5
34. Kg2 Rg5 35. Kh3 Nh7 36. Qb3 Re5 37. Kg3 Re6 38. Qd3 Rfe8 39. Rd8 Rxd8 40.
Qxd8+ Nf8 41. a4 g5 42. hxg6 Rxg6 43. f4 a6 44. f5 Rc6 45. a5 Kg7 46. Qd5 Rf6
47. Kf4 Ng6+ 48. Ke4 Nf8 49. Ke5 Ng6+ 50. fxg6 Rxg6 51. Qd4 Kg8 52. Kf5 Kh7 53.
Qd8 Kg7 54. Qc8 Rf6+ 55. Ke5 Re6+ 56. Kd5 Rg6 57. Kc5 Re6 58. Qb8 Rg6 59. Qb2+
Kh7 60. Qd4 Kg8 61. Qd8+ Kg7 62. Qb6 Re6 63. Qb2+ Kh7 64. Kd5 Rg6 65. Ke5 Kg8
66. Kf4 Kh7 67. Kf5 Kg8 68. Qb6 Kg7 69. Qd8 Rg5+ 70. Kf4 Rg6 71. Kg3 Re6 72.
Kh3 Rg6 73. Kh4 Re6 74. Qd4+ Kh7 75. Qf4 Kg7 76. g5 hxg5+ 77. Kxg5 Rg6+ 78. Kh5
Kg8 79. Qd4 Kh7 80. Qe5 Kg8 81. Qe3 Kg7 82. Qb6 1/2-1/2

[Event "Samba Cup 2nd"]
[Site "Skanderborg"]
[Date "2005.10.14"]
[Round "1"]
[White "Timofeev, Artyom"]
[Black "Carlsen, Magnus"]
[Result "1/2-1/2"]
[WhiteElo "2658"]
[BlackElo "2570"]
[PlyCount "59"]
[EventDate "2005.10.14"]
[EventType "tourn"]
[EventRounds "9"]
[EventCountry "DEN"]
[EventCategory "16"]
[WhiteTeam "Germany"]
[BlackTeam "Germany"]
[WhiteTeamCountry "GER"]
[BlackTeamCountry "GER"]

1. e4 e5 2. Nf3 Nc6 3. Bb5 a6 4. Ba4 Nf6 5. O-O Be7 6. Re1 b5 7. Bb3 O-O 8. d4
d6 9. c3 Bg4 10. Be3 exd4 11. cxd4 Na5 12. Bc2 c5 13. h3 Bxf3 14. Qxf3 cxd4 15.
Bxd4 Rc8 16. Qd1 Nd7 17. Nc3 Bf6 18. Rc1 Nc6 19. Be3 Nc5 20. Re2 Re8 21. Rd2
Bxc3 22. Rxd6 Bxb2 23. Rb1 Qc7 24. Bxc5 Bd4 25. Rd5 Bxc5 26. Rxc5 Red8 27. Qe1
Qe7 28. Qe3 Na5 29. Rxc8 Rxc8 30. Bb3 1/2-1/2

[Event "Gausdal Byggern Masters"]
[Site "Gausdal"]
[Date "2005.10.09"]
[Round "9"]
[White "Akesson, Ralf"]
[Black "Carlsen, Magnus"]
[Result "1/2-1/2"]
[WhiteElo "2486"]
[BlackElo "2570"]
[PlyCount "90"]
[EventDate "2005.10.01"]
[EventType "swiss"]
[EventRounds "9"]
[EventCountry "NOR"]
[WhiteTeam "Germany"]
[BlackTeam "Germany"]
[WhiteTeamCountry "GER"]
[BlackTeamCountry "GER"]

1. Nf3 Nf6 2. c4 e6 3. Nc3 Bb4 4. Qc2 O-O 5. a3 Bxc3 6. Qxc3 b6 7. g3 Bb7 8.
Bg2 c5 9. O-O d5 10. cxd5 Nxd5 11. Qc2 Nc6 12. b3 e5 13. Bb2 Re8 14. e3 e4 15.
Nh4 Nf6 16. f3 Ba6 17. fxe4 Bd3 18. Qc3 Bxf1 19. Rxf1 Ne5 20. Rf5 Nfd7 21. Bf1
f6 22. Ba6 Nf8 23. Bb7 Rb8 24. Bd5+ Kh8 25. Qc2 Nfg6 26. Nxg6+ Nxg6 27. Rh5 Qd7
28. Qd1 Nf8 29. Qf3 Rbd8 30. Rf5 Ne6 31. Bc3 Ng5 32. Qg4 Nf7 33. Qe2 Qxf5 34.
exf5 Rxd5 35. Qc4 Rd7 36. b4 cxb4 37. axb4 Nd6 38. Qc6 Rdd8 39. g4 Ne4 40. Bd4
Nxd2 41. Bxf6 gxf6 42. Qxf6+ Kg8 43. Qg5+ Kh8 44. Qf6+ Kg8 45. Qg5+ Kh8 1/2-1/2

[Event "Gausdal Byggern Masters"]
[Site "Gausdal"]
[Date "2005.10.06"]
[Round "6"]
[White "Carlsen, Magnus"]
[Black "Kulaots, Kaido"]
[Result "1/2-1/2"]
[WhiteElo "2570"]
[BlackElo "2558"]
[PlyCount "100"]
[EventDate "2005.10.01"]
[EventType "swiss"]
[EventRounds "9"]
[EventCountry "NOR"]
[WhiteTeam "Germany"]
[BlackTeam "Germany"]
[WhiteTeamCountry "GER"]
[BlackTeamCountry "GER"]

1. e4 c5 2. Nf3 e6 3. d4 cxd4 4. Nxd4 a6 5. Nc3 b5 6. Bd3 Qb6 7. Nf3 Nc6 8. O-O
Qb8 9. Re1 Nge7 10. e5 Bb7 11. Be4 Qc7 12. Bf4 f5 13. exf6 Qxf4 14. fxe7 Bxe7
15. Qd3 O-O-O 16. a4 d5 17. Bxh7 b4 18. Rxe6 bxc3 19. bxc3 Bf6 20. Rb1 Kc7 21.
Bf5 Bc8 22. Rxc6+ Kxc6 23. Bxc8 Rxc8 24. Qxa6+ Kd7 25. Qb7+ Rc7 26. Qxd5+ Qd6
27. Qf5+ Ke7 28. g3 Re8 29. Qh5 Kd7 30. Qf5+ Re6 31. a5 Rc5 32. Qg4 Rxa5 33.
Nd4 Bxd4 34. cxd4 Kc7 35. Qxg7+ Qe7 36. Qg4 Re1+ 37. Rxe1 Qxe1+ 38. Kg2 Ra1 39.
Qf4+ Kc6 40. Qf6+ Kd5 41. c4+ Kxc4 42. Qc6+ Kd3 43. Qb5+ Kc2 44. Qc4+ Qc3 45.
Qe2+ Qd2 46. Qc4+ Kb2 47. Qb5+ Kc3 48. Qc6+ Kd3 49. Qb5+ Kc2 50. Qc4+ Kb2
1/2-1/2

[Event "Lausanne YM 6th"]
[Site "Lausanne"]
[Date "2005.09.17"]
[Round "2.2"]
[White "Paehtz, Elisabeth"]
[Black "Carlsen, Magnus"]
[Result "1/2-1/2"]
[WhiteElo "2421"]
[BlackElo "2528"]
[PlyCount "47"]
[EventDate "2005.09.14"]
[EventType "k.o."]
[EventRounds "3"]
[EventCountry "SUI"]
[WhiteTeam "Germany"]
[BlackTeam "Germany"]
[WhiteTeamCountry "GER"]
[BlackTeamCountry "GER"]

1. e4 e5 2. Nf3 Nc6 3. Bc4 Nf6 4. d3 Be7 5. Bb3 O-O 6. c3 d5 7. Nbd2 dxe4 8.
dxe4 Bg4 9. h3 Bh5 10. O-O Bc5 11. Qe2 Qe7 12. Re1 Bg6 13. Nh4 Kh8 14. Qf3 Rad8
15. Bc2 Nh5 16. Nf5 Qf6 17. b4 Bb6 18. Nc4 Nf4 19. a4 Qe6 20. Nxb6 axb6 21.
Bxf4 exf4 22. Qxf4 Qc4 23. Qxc7 Qxc3 24. Rac1 1/2-1/2

[Event "Lausanne YM 6th"]
[Site "Lausanne"]
[Date "2005.09.15"]
[Round "1.2"]
[White "Carlsen, Magnus"]
[Black "Harikrishna, Penteala"]
[Result "1/2-1/2"]
[WhiteElo "2528"]
[BlackElo "2645"]
[PlyCount "131"]
[EventDate "2005.09.14"]
[EventType "k.o."]
[EventRounds "3"]
[EventCountry "SUI"]
[WhiteTeam "Germany"]
[BlackTeam "Germany"]
[WhiteTeamCountry "GER"]
[BlackTeamCountry "GER"]

1. e4 e5 2. Nf3 Nc6 3. Bb5 a6 4. Ba4 Nf6 5. O-O Be7 6. Re1 b5 7. Bb3 d6 8. c3
O-O 9. d4 Bg4 10. Be3 exd4 11. cxd4 Na5 12. Bc2 Nc4 13. Bc1 c5 14. b3 Nb6 15.
Nbd2 Nfd7 16. h3 Bh5 17. Bb2 Rc8 18. Rc1 d5 19. dxc5 Nxc5 20. exd5 Nxd5 21. Bf5
Ne6 22. Rxc8 Qxc8 23. Qa1 Bf6 24. Nd4 Ndf4 25. Ne4 Bxd4 26. Bxd4 Bg6 27. Bxg7
Bxf5 28. Bh6 f6 29. Nxf6+ Kf7 30. Qe5 Kg6 31. Bxf8 Qxf8 32. Nd7 Qd8 33. Re3
Bxh3 34. Qe4+ Kh6 35. Ne5 Qd1+ 36. Re1 Qd2 37. gxh3 Nxh3+ 38. Kh2 Qxf2+ 39. Kh1
Neg5 40. Qe3 Qf5 41. Kh2 Nf4 42. Kg3 Nge6 43. Ng4+ Kg5 44. Qe5 Nd3 45. Qxf5+
Kxf5 46. Re3 Nec5 47. Kf3 h5 48. Nh6+ Kg6 49. Ng8 Kf7 50. Ne7 Nb4 51. Re2 Ne6
52. Ke4 Kxe7 53. Kf5 Kd7 54. Rd2+ Ke7 55. Re2 Kd7 56. Rxe6 Nxa2 57. Ke5 Nc1 58.
Rd6+ Kc7 59. b4 Na2 60. Rd4 Kb6 61. Rf4 Kc6 62. Ke6 Nc1 63. Rd4 Na2 64. Rd6+
Kc7 65. Rd7+ Kb6 66. Rd6+ 1/2-1/2

[Event "Lausanne YM 6th"]
[Site "Lausanne"]
[Date "2005.09.14"]
[Round "1.1"]
[White "Harikrishna, Penteala"]
[Black "Carlsen, Magnus"]
[Result "1-0"]
[WhiteElo "2645"]
[BlackElo "2528"]
[PlyCount "111"]
[EventDate "2005.09.14"]
[EventType "k.o."]
[EventRounds "3"]
[EventCountry "SUI"]
[WhiteTeam "Germany"]
[BlackTeam "Germany"]
[WhiteTeamCountry "GER"]
[BlackTeamCountry "GER"]

1. e4 e5 2. Nf3 Nf6 3. Nxe5 d6 4. Nf3 Nxe4 5. Nc3 Nxc3 6. dxc3 Be7 7. Bf4 Nc6
8. Qd2 O-O 9. O-O-O Bf5 10. Rg1 Qd7 11. h3 Rae8 12. Kb1 Bf6 13. g4 Be4 14. Rg3
Bxf3 15. Rxf3 Ne5 16. Re3 Qa4 17. Qd4 Qxd4 18. cxd4 Ng6 19. Rxe8 Rxe8 20. Bc1
Bh4 21. Bc4 c6 22. Rf1 d5 23. Bd3 Nf8 24. c3 Ne6 25. f4 g5 26. fxg5 Bxg5 27. b3
Kg7 28. Kc2 Bxc1 29. Kxc1 h6 30. h4 Nf8 31. Kd2 Ng6 32. h5 Nf8 33. Bf5 Ne6 34.
Kd3 Nc7 35. c4 a5 36. c5 a4 37. bxa4 Ra8 38. Rb1 Rxa4 39. Rxb7 Nb5 40. Bg6 Ra3+
41. Kd2 Rxa2+ 42. Ke3 Ra7 43. Rxa7 Nxa7 44. Bd3 Nc8 45. Kf4 Kf6 46. Bf5 Na7 47.
Bd7 Nb5 48. Bxc6 Nxd4 49. Bxd5 Nb5 50. Bc4 Nd4 51. Ke4 Nc6 52. Bb5 Ne7 53. Bd7
Ng8 54. c6 Ke7 55. Kd5 Nf6+ 56. Ke5 1-0

[Event "Biel GM"]
[Site "Biel"]
[Date "2005.07.26"]
[Round "9"]
[White "Carlsen, Magnus"]
[Black "Bauer, Christian"]
[Result "1/2-1/2"]
[WhiteElo "2528"]
[BlackElo "2641"]
[PlyCount "119"]
[EventDate "2005.07.17"]
[EventType "tourn"]
[EventRounds "10"]
[EventCountry "SUI"]
[EventCategory "16"]
[WhiteTeam "Germany"]
[BlackTeam "Germany"]
[WhiteTeamCountry "GER"]
[BlackTeamCountry "GER"]

1. e4 c5 2. Nf3 b6 3. d4 cxd4 4. Nxd4 Bb7 5. Nc3 a6 6. Be3 e6 7. Qd2 Qc7 8. f3
Bb4 9. Nde2 Nc6 10. Bf4 e5 11. Bg3 Nge7 12. a3 Bxc3 13. Nxc3 d6 14. Bc4 O-O 15.
Ba2 b5 16. Rd1 Rad8 17. Bh4 Rd7 18. O-O Kh8 19. f4 exf4 20. Bg5 Qb6+ 21. Kh1
Ne5 22. Bxf4 N7g6 23. Be3 Qd8 24. Bd4 Re8 25. Nd5 Qh4 26. Rde1 h6 27. Re3 Kg8
28. Bc3 Ng4 29. Rh3 Qg5 30. Qd4 N6e5 31. Nf4 Nc4 32. Rh5 Qf6 33. Qxf6 Nxf6 34.
Bxf6 gxf6 35. Bxc4 bxc4 36. Rxh6 Rxe4 37. Rxf6 Rde7 38. Kg1 Rd4 39. Nh5 Rd2 40.
R6f2 Ree2 41. Nf4 Rxf2 42. Rxf2 Rd1+ 43. Rf1 Rd2 44. Rc1 d5 45. Kf1 d4 46. Ke1
c3 47. Ne2 a5 48. bxc3 dxc3 49. h4 Ba6 50. Nxc3 Rxg2 51. Nd5 Kg7 52. c4 Rg1+
53. Kd2 Rxc1 54. Kxc1 Bxc4 55. Nf4 Kf6 56. Kd2 Kf5 57. Ke3 Bb3 58. Nd3 Kg4 59.
Ne5+ Kxh4 60. Nxf7 1/2-1/2

[Event "Biel GM"]
[Site "Biel"]
[Date "2005.07.25"]
[Round "8"]
[White "Carlsen, Magnus"]
[Black "Gelfand, Boris"]
[Result "1/2-1/2"]
[WhiteElo "2528"]
[BlackElo "2724"]
[PlyCount "51"]
[EventDate "2005.07.17"]
[EventType "tourn"]
[EventRounds "10"]
[EventCountry "SUI"]
[EventCategory "16"]
[WhiteTeam "Germany"]
[BlackTeam "Germany"]
[WhiteTeamCountry "GER"]
[BlackTeamCountry "GER"]

1. e4 c5 2. Nf3 d6 3. d4 cxd4 4. Nxd4 Nf6 5. Nc3 a6 6. Bg5 e6 7. f4 Nbd7 8. Qf3
Qc7 9. O-O-O b5 10. Bxf6 Nxf6 11. e5 Bb7 12. Qh3 dxe5 13. Ncxb5 Qb6 14. fxe5
Ne4 15. Bc4 Nf2 16. Qb3 O-O-O 17. Nd6+ Rxd6 18. exd6 Qxb3 19. Nxb3 Nxh1 20. Nc5
Bxg2 21. Bxe6+ Kd8 22. Bxf7 g6 23. Kb1 Bc6 24. Ne6+ Kd7 25. Nc5+ Kd8 26. Ne6+
1/2-1/2

[Event "Biel GM"]
[Site "Biel"]
[Date "2005.07.24"]
[Round "7"]
[White "Pelletier, Yannick"]
[Black "Carlsen, Magnus"]
[Result "1-0"]
[WhiteElo "2603"]
[BlackElo "2528"]
[PlyCount "29"]
[EventDate "2005.07.17"]
[EventType "tourn"]
[EventRounds "10"]
[EventCountry "SUI"]
[EventCategory "16"]
[WhiteTeam "Germany"]
[BlackTeam "Germany"]
[WhiteTeamCountry "GER"]
[BlackTeamCountry "GER"]

1. d4 Nf6 2. c4 e6 3. Nc3 Bb4 4. Qc2 d5 5. cxd5 c5 6. dxc5 Nxd5 7. Bd2 Bxc5 8.
Nxd5 Qxd5 9. e4 Qd4 10. O-O-O Nd7 11. Bb5 O-O 12. Bc3 Qxf2 13. Qxf2 Bxf2 14.
Bxd7 Be3+ 15. Kc2 1-0

[Event "Biel GM"]
[Site "Biel"]
[Date "2005.07.21"]
[Round "5"]
[White "Bauer, Christian"]
[Black "Carlsen, Magnus"]
[Result "1/2-1/2"]
[WhiteElo "2641"]
[BlackElo "2528"]
[PlyCount "71"]
[EventDate "2005.07.17"]
[EventType "tourn"]
[EventRounds "10"]
[EventCountry "SUI"]
[EventCategory "16"]
[WhiteTeam "Germany"]
[BlackTeam "Germany"]
[WhiteTeamCountry "GER"]
[BlackTeamCountry "GER"]

1. Nf3 Nf6 2. c4 e6 3. g3 d5 4. Bg2 dxc4 5. Qa4+ c6 6. Qxc4 b5 7. Qb3 Bb7 8. d4
Nbd7 9. Bg5 a6 10. a4 c5 11. axb5 Bd5 12. Bxf6 gxf6 13. Qd1 axb5 14. Rxa8 Qxa8
15. O-O b4 16. Nh4 Be7 17. Re1 f5 18. dxc5 Bxh4 19. Bxd5 exd5 20. gxh4 Rg8+ 21.
Kh1 Qc6 22. Qd4 Rg4 23. Qe3+ Kf8 24. Nd2 Qxc5 25. Qf3 Qd4 26. Nf1 Nf6 27. Ng3
f4 28. e3 Qe5 29. Nf1 Ne4 30. Nd2 fxe3 31. Qxe3 Qf6 32. Nxe4 Rxe4 33. Qc5+ Qe7
34. Qc8+ Qe8 35. Qc5+ Qe7 36. Qc8+ 1/2-1/2

[Event "Biel GM"]
[Site "Biel"]
[Date "2005.07.19"]
[Round "3"]
[White "Gelfand, Boris"]
[Black "Carlsen, Magnus"]
[Result "1/2-1/2"]
[WhiteElo "2724"]
[BlackElo "2528"]
[PlyCount "58"]
[EventDate "2005.07.17"]
[EventType "tourn"]
[EventRounds "10"]
[EventCountry "SUI"]
[EventCategory "16"]
[WhiteTeam "Germany"]
[BlackTeam "Germany"]
[WhiteTeamCountry "GER"]
[BlackTeamCountry "GER"]

1. d4 Nf6 2. c4 e6 3. Nf3 b6 4. Nc3 Bb7 5. a3 d5 6. cxd5 Nxd5 7. Qc2 Nxc3 8.
bxc3 Be7 9. e4 O-O 10. Bd3 c5 11. O-O Qc7 12. Qe2 Nd7 13. e5 Rfd8 14. h4 Nf8
15. Be3 Qc6 16. Rfd1 Rac8 17. h5 h6 18. Ne1 Nh7 19. Qg4 Ng5 20. Kh2 Kh8 21. a4
Ne4 22. Rdc1 Bg5 23. f4 f5 24. Qe2 Bh4 25. Nf3 Be7 26. Bb5 Qc7 27. Bc4 Qd7 28.
Bb5 Qc7 29. Bc4 Qd7 1/2-1/2

[Event "NOR-ch"]
[Site "Sandnes"]
[Date "2005.07.06"]
[Round "5"]
[White "Carlsen, Magnus"]
[Black "Tallaksen, Geir Sune"]
[Result "1-0"]
[WhiteElo "2528"]
[BlackElo "2349"]
[PlyCount "73"]
[EventDate "2005.07.02"]
[EventType "swiss"]
[EventRounds "9"]
[EventCountry "NOR"]
[WhiteTeam "Germany"]
[BlackTeam "Germany"]
[WhiteTeamCountry "GER"]
[BlackTeamCountry "GER"]

1. Nf3 Nf6 2. c4 e6 3. d4 b6 4. g3 Ba6 5. b3 b5 6. cxb5 Bxb5 7. Bg2 d5 8. O-O
Nbd7 9. Nc3 Ba6 10. Re1 Bd6 11. Bb2 O-O 12. e4 Nxe4 13. Nxe4 dxe4 14. Rxe4 Bb7
15. Rh4 Be7 16. Rh3 Nf6 17. Qe2 Bd5 18. Re1 Qb8 19. Ne5 Qb7 20. Bxd5 Qxd5 21.
Qc2 c5 22. Ng4 h6 23. Re5 Qf3 24. Nxh6+ gxh6 25. Rxh6 Kg7 26. Rg5+ Kxh6 27. Bc1
cxd4 28. Rg4+ Qe3 29. Rh4+ Nh5 30. Rxh5+ Kxh5 31. Qh7+ Kg4 32. fxe3 Rac8 33.
Kg2 Rxc1 34. h3+ Kg5 35. Qg7+ Kf5 36. g4+ Ke4 37. Qxd4# 1-0

[Event "NOR-ch"]
[Site "Sandnes"]
[Date "2005.07.05"]
[Round "4"]
[White "Lie, Kjetil A"]
[Black "Carlsen, Magnus"]
[Result "1-0"]
[WhiteElo "2472"]
[BlackElo "2528"]
[PlyCount "91"]
[EventDate "2005.07.02"]
[EventType "swiss"]
[EventRounds "9"]
[EventCountry "NOR"]
[WhiteTeam "Germany"]
[BlackTeam "Germany"]
[WhiteTeamCountry "GER"]
[BlackTeamCountry "GER"]

1. e4 e5 2. Nf3 Nf6 3. Nxe5 d6 4. Nf3 Nxe4 5. Nc3 Nxc3 6. dxc3 Be7 7. Bf4 Nc6
8. Qd2 O-O 9. O-O-O Bf5 10. Rg1 Qd7 11. h3 Rae8 12. g4 Be4 13. Be2 Bf6 14. Be3
Ne5 15. Nxe5 Rxe5 16. g5 Bd8 17. Bd4 Ree8 18. b3 Qxh3 19. Bg4 Qh2 20. Kb2 f5
21. Be2 c5 22. f3 Bd3 23. Bxd3 Qxd2 24. Bc4+ Kh8 25. Bxg7+ Kxg7 26. Rxd2 Bc7
27. Bd5 b5 28. Bc6 Re3 29. a3 a6 30. Rh1 Kg6 31. f4 d5 32. Rh6+ Kg7 33. Rh4 d4
34. cxd4 cxd4 35. Rxd4 Rd8 36. Rxd8 Bxd8 37. Bd7 Re7 38. Bxf5 Kg8 39. Bd3 Bc7
40. b4 Rf7 41. f5 Rg7 42. g6 Be5+ 43. Kb3 hxg6 44. fxg6 Re7 45. c4 Rd7 46. Rh3
1-0

[Event "NOR-ch"]
[Site "Sandnes"]
[Date "2005.07.03"]
[Round "2"]
[White "Agdestein, Simen"]
[Black "Carlsen, Magnus"]
[Result "1/2-1/2"]
[WhiteElo "2571"]
[BlackElo "2528"]
[PlyCount "60"]
[EventDate "2005.07.02"]
[EventType "swiss"]
[EventRounds "9"]
[EventCountry "NOR"]
[WhiteTeam "Germany"]
[BlackTeam "Germany"]
[WhiteTeamCountry "GER"]
[BlackTeamCountry "GER"]

1. c4 Nf6 2. Nc3 c5 3. Nf3 Nc6 4. d4 cxd4 5. Nxd4 e6 6. a3 Be7 7. e4 O-O 8. Nc2
b6 9. Be2 Bb7 10. O-O Qc7 11. Ne3 a6 12. f4 d6 13. b4 b5 14. cxb5 axb5 15. Bb2
Qb6 16. Qd3 Nd4 17. Bd1 e5 18. Kh1 Rac8 19. Ncd5 Nxd5 20. exd5 g6 21. Bb3 Nxb3
22. Qxb3 f6 23. Rad1 Rce8 24. h3 Bd8 25. Rd3 Qc7 26. fxe5 fxe5 27. Rdd1 Bg5 28.
Ng4 Qc4 29. Qxc4 bxc4 30. Bc1 Bxc1 1/2-1/2